Rast nezamestnanosti na vidieku

Osobitným sociálnym problémom je agrárne preľudnenie. Po industrializačných procesoch na Slovensku došlo k výraznému poklesu agrárnej zamestnanosti. Znižovanie podielu poľnohospodárov na celkovej zamestnanosti. Prezamestnanosť v minulosti. Obnova remesiel na vidieku a ich rozvoj zodpovedajúci modern...

Full description

Saved in:
Bibliographic Details
Main Author: Fidrmuc, Jaroslav
Format: Book Chapter
Language:Slovak
Subjects:
Tags: Add Tag
No Tags, Be the first to tag this record!

MARC

LEADER 00000naa a2200000 4500
001 r049277
005 20230927091906.1
041 0 |a slo 
044 |a SK 
245 1 0 |a Rast nezamestnanosti na vidieku  |c Jaroslav Fidrmuc 
520 |a Osobitným sociálnym problémom je agrárne preľudnenie. Po industrializačných procesoch na Slovensku došlo k výraznému poklesu agrárnej zamestnanosti. Znižovanie podielu poľnohospodárov na celkovej zamestnanosti. Prezamestnanosť v minulosti. Obnova remesiel na vidieku a ich rozvoj zodpovedajúci modernej výrobe. 
610 2 0 |a nezamestnanosť 
610 2 0 |a vidiek 
610 2 0 |a sily pracovné 
610 2 0 |a industrializácia 
610 2 0 |a regióny 
610 2 0 |a remeslá 
610 2 0 |a obnova prevádzky 
610 2 0 |a Slovensko 
100 1 |a Fidrmuc, Jaroslav